13 năm tranh luận văn học.

Uloženo v:
Podrobná bibliografie
Médium: Kniha
Jazyk:Undetermined
Vydáno: Hà Nội Văn học 1995
Témata:
Tagy: Přidat tag
Žádné tagy, Buďte první, kdo otaguje tento záznam!
Thư viện lưu trữ: Trung tâm Học liệu Trường Đại học Cần Thơ
LEADER 00485nam a2200181Ia 4500
001 CTU_76455
008 210402s9999 xx 000 0 und d
020 |b 40000 
082 |a 895.92209 
082 |b M558/T.2 
245 0 |a 13 năm tranh luận văn học. 
245 0 |c Thanh Lãng 
260 |a Hà Nội 
260 |b Văn học 
260 |c 1995 
650 |a Vietamese literature 
904 |i Mai Loan,Hải 
980 |a Trung tâm Học liệu Trường Đại học Cần Thơ